000 00398nmm a2200145Ia 4500
008 251105s9999||||xx |||||||||||||||||und||
041 _aspa
100 _aCohn, Leah
245 0 _aNefilim :
_b El beso del amanecer
264 _a[Madrid, España] :
_bEdiciones B,
_c2013
300 _a360 páginas
650 _aRomance
856 _uhttps://public.digitaliapublishing.com/a/53243
942 _cCF
999 _c104696
_d104696